El camino de la cicuta

Saved in:
Bibliographic Details
Main Author: Platón (Author)
Other Authors: Godoy, Genaro (traductor)
Format: Book
Language:Spanish
Published: Santiago Universitaria 1973
Subjects:
Tags: Add Tag
No Tags, Be the first to tag this record!

MARC

LEADER 00000nam a2200000 a 4500
001 UCW9604
003 CL-VaPUC
005 20211022121256.0
008 890524e19730000CL |||||||||||||||||spa|d
999 |c 221521  |d 221519 
040 |c Pontificia Universidad Católica de Valparaíso 
082 0 4 |a 184  |b PLA  |2 21 
100 0 |a Platón  |e author  |9 222 
245 1 3 |a El camino de la cicuta 
260 |a Santiago  |b Universitaria  |c 1973 
300 |a 175 p 
583 |a last modification  |c 19890524 00:00:00  |k Rodrigo Vera 
650 0 |a Platonismo  |9 265673 
700 1 |a Godoy, Genaro  |e traductor  |9 863739 
942 |c BK  |2 ddc 
945 |d 19890524 00:00:00 
952 |0 0  |1 0  |4 0  |6 184_000000000000000_PLA_1973  |7 0  |8 R  |9 214953  |a BIBEDU  |b BIBEDU  |c MCIRC  |d 2019-11-15  |i 283524K  |o 184 PLA 1973  |p 283524K  |r 2023-01-13  |w 2019-11-15  |y BK_R  |k FIL